| 000 | 00562nam a2200193 4500 | ||
|---|---|---|---|
| 001 | 77319 | ||
| 003 | BD-RjUL | ||
| 005 | 20211209082946.0 | ||
| 008 | 200312s1950 e ||||| |||| 00| 0 eng d | ||
| 035 | _a(BD-RjUL) | ||
| 040 |
_aBD-RjUL _beng _cBD-RjUL |
||
| 041 | _aeng | ||
| 082 |
_219 _a821.8 _bTEN 1950 |
||
| 245 |
_aTennyson : poems published in 1842./ _cAlfred Tennyson Tennyson, Baron |
||
| 260 |
_aOxford : _bClarendon Press, _c1950 |
||
| 300 |
_aiv, 432 p. ; _c18 cm |
||
| 600 |
_aTennyson, Alfred Tennyson, Baron, _d1809-1892 _9240860 |
||
| 942 |
_2ddc _cBK |
||
| 999 |
_c77319 _d77319 |
||